00261nam a2200097Ia 4500100002600000654002800026245004200054260003800096082001700134546001200151 aReitz/ J.R. & others  aElectromagnectic Theory aFoundation of Electromagnectic Theory bNarosa Pub HouseaNew Delhic1979 a530.141bPAN aENGLISH